20 let vývoje české ekonomiky - srovnání se Slovenskem
Rozdiely v tempe rastu HDP medzi Českou republikou a Slovenskou republikou z makroekonomického pohľadu. Hospodárska politika v období rokov 1993 až 2012 i z hľadiska konvergencie k Európskej únii.
Na minha lista:
| Autor principal: | |
|---|---|
| Outros Autores: | |
| Formato: | Capítulo de Livro |
| Idioma: | tcheco |
| Assuntos: | |
| Tags: |
Sem tags, seja o primeiro a adicionar uma tag!
|
MARC
| LEADER | 00000naa a2200000 4500 | ||
|---|---|---|---|
| 001 | 0185026 | ||
| 005 | 20231207102626.8 | ||
| 041 | 0 | |a cze | |
| 044 | |a CZ | ||
| 245 | 1 | 0 | |a 20 let vývoje české ekonomiky - srovnání se Slovenskem |c Ladislav Hájek, Lukáš Režný |
| 520 | |a Rozdiely v tempe rastu HDP medzi Českou republikou a Slovenskou republikou z makroekonomického pohľadu. Hospodárska politika v období rokov 1993 až 2012 i z hľadiska konvergencie k Európskej únii. | ||
| 610 | 2 | 0 | |a Slovensko |
| 610 | 2 | 0 | |a Česko |
| 610 | 2 | 0 | |a Európska únia |
| 610 | 2 | 0 | |a politika hospodárska |
| 610 | 2 | 0 | |a situácia hospodárska |
| 610 | 2 | 0 | |a produkt domáci hrubý |
| 610 | 2 | 0 | |a porovnanie medzinárodné |
| 100 | 1 | |a Hájek, Ladislav | |
| 700 | 1 | |a Režný, Lukáš | |